[Event "European Youth Chess Championship B16"]
[Site "Prague, Top Hotel Prague"]
[Date "2016.08.19"]
[Round "2.18"]
[White "Askerov, Marat"]
[Black "Szustakowski, Antoni"]
[Result "1/2-1/2"]
[WhiteElo "2302"]
[BlackElo "2125"]
[PlyCount "151"]
[EventDate "2016.08.18"]

1. d4 Nf6 2. c4 e6 3. Nc3 Bb4 4. e3 O-O 5. Bd3 d5 6. Nf3 c5 7. O-O cxd4 8. exd4
dxc4 9. Bxc4 Nbd7 10. Bg5 Be7 11. Re1 Nb6 12. Bb3 Nbd5 13. Ne5 Bd7 14. Nxd5
Nxd5 15. Bxd5 Bxg5 16. Bxb7 Rb8 17. Bc6 Be8 18. Bxe8 Qxe8 19. b3 Qb5 20. Qf3
Rbd8 21. Rad1 Rd5 22. Re4 f5 23. Ree1 Bf6 24. Qe3 Re8 25. Nf3 Qd7 26. Rd2 h6
27. Rc1 Rd8 28. Rc5 Bg5 29. Rxd5 exd5 30. Nxg5 Re8 31. Nf3 Rxe3 32. fxe3 Qc7
33. Kf2 Qc1 34. Re2 Qc3 35. g3 Kf7 36. Ne1 Ke6 37. Rc2 Qa1 38. Ke2 g5 39. Rc6+
Kd7 40. Rc2 f4 41. gxf4 gxf4 42. Nf3 Qb1 43. Rd2 Qe4 44. Rd3 Ke6 45. Rc3 Kf5
46. h3 Qb1 47. Nd2 Qg1 48. exf4 Qxd4 49. Rd3 Qc5 50. b4 Qc6 51. Rd4 Qa6+ 52.
Kf2 Qxa2 53. Kg3 Ke6 54. Nf3 Qb3 55. h4 h5 56. Kf2 Kf5 57. Nd2 Qa2 58. Kf3 Qa3+
59. Kf2 Kg4 60. f5+ Kxf5 61. Rxd5+ Kg4 62. Rd4+ Kh3 63. Ke2 Kg2 64. Re4 Qc3 65.
Rc4 Qe5+ 66. Re4 Qb5+ 67. Rc4 Kh3 68. Ke3 Qe5+ 69. Re4 Qg3+ 70. Ke2 Qg2+ 71.
Ke1 Kg3 72. Nf1+ Kf3 73. Nd2+ Qxd2+ 74. Kxd2 Kxe4 75. Kc3 Kf4 76. Kc4 1/2-1/2

[Event "European Youth Chess Championship B16"]
[Site "Prague, Top Hotel Prague"]
[Date "2016.08.19"]
[Round "2.19"]
[White "Akhvlediani, Irakli"]
[Black "Lazov, Toni"]
[Result "1-0"]
[WhiteElo "2120"]
[BlackElo "2297"]
[PlyCount "65"]
[EventDate "2016.08.18"]

1. d4 Nf6 2. c4 g6 3. g3 Bg7 4. Bg2 O-O 5. Nc3 d6 6. Nf3 Nbd7 7. O-O e5 8. b3
Re8 9. e4 exd4 10. Nxd4 Rb8 11. Be3 a6 12. Qd2 c5 13. Nde2 b5 14. Rad1 bxc4 15.
Qxd6 cxb3 16. Qxb8 Nxb8 17. Rxd8 Rxd8 18. axb3 Be6 19. Rb1 c4 20. Nf4 Ng4 21.
Nxe6 fxe6 22. Bg5 Rf8 23. Bh3 Nxf2 24. Bxe6+ Kh8 25. Be3 Re8 26. bxc4 Bxc3 27.
Bxf2 Rxe6 28. Rxb8+ Kg7 29. Rb7+ Kh6 30. Be3+ Kh5 31. Kg2 a5 32. h3 Rxe4 33.
Rxh7# 1-0

[Event "European Youth Chess Championship B16"]
[Site "Prague, Top Hotel Prague"]
[Date "2016.08.19"]
[Round "2.20"]
[White "Mirzoyan, David"]
[Black "Abishli, Oghuz"]
[Result "1-0"]
[WhiteElo "2294"]
[BlackElo "2120"]
[PlyCount "143"]
[EventDate "2016.08.18"]

1. d4 Nf6 2. c4 e6 3. Nf3 b6 4. g3 Bb7 5. Bg2 c5 6. d5 exd5 7. Nh4 g6 8. cxd5
Bg7 9. Nc3 O-O 10. O-O d6 11. e4 Re8 12. Re1 a6 13. a4 Nbd7 14. Bf4 Qc7 15. Nf3
Ng4 16. Nd2 Nge5 17. Bf1 h6 18. Be3 c4 19. Rc1 Rac8 20. Na2 Nc5 21. Bxc5 bxc5
22. Nc3 Rb8 23. Nxc4 Bc8 24. Nxe5 Bxe5 25. b3 Qa5 26. Na2 Bd7 27. Bc4 Kh7 28.
Kg2 Bd4 29. Re2 f5 30. Qe1 Qxe1 31. Rcxe1 fxe4 32. Rxe4 Rxe4 33. Rxe4 Bf6 34.
g4 a5 35. Nc1 h5 36. h3 hxg4 37. hxg4 Kg7 38. Nd3 Re8 39. Rxe8 Bxe8 40. f4 Bd4
41. Kf3 Bd7 42. Ne1 g5 43. f5 Be8 44. Nc2 Bc3 45. Bb5 Bf7 46. Ke4 Kf8 47. Bc6
Ke7 48. Kd3 Bb2 49. Ne3 Ba3 50. Nc4 Bb4 51. Nb6 Kf6 52. Ke4 Bc3 53. Bb5 Bg8 54.
Be8 Ke7 55. Bc6 Kf6 56. Nc8 Be5 57. Kd3 Bg3 58. Ke4 Be5 59. Bd7 Bf7 60. Na7 Bc3
61. Nc6 Be1 62. Be6 Be8 63. Kd3 Bb4 64. Kc4 Bd2 65. Kb5 Bh5 66. gxh5 g4 67. Nb8
g3 68. Nd7+ Kg5 69. f6 g2 70. f7 g1=Q 71. f8=Q Kh4 72. Qf3 1-0

[Event "European Youth Chess Championship B16"]
[Site "Prague, Top Hotel Prague"]
[Date "2016.08.19"]
[Round "2.21"]
[White "Storme, Isak"]
[Black "O`Sullivan, Thomas"]
[Result "1-0"]
[WhiteElo "2108"]
[BlackElo "2293"]
[PlyCount "83"]
[EventDate "2016.08.18"]

1. e4 c5 2. Nf3 e6 3. d4 cxd4 4. Nxd4 Nc6 5. Nc3 Qc7 6. Be3 a6 7. Qf3 d6 8.
O-O-O Bd7 9. Qg3 Nf6 10. f3 Rc8 11. Kb1 Be7 12. Nxc6 Qxc6 13. Qxg7 Rg8 14. Qh6
Rg6 15. Qh4 Ng4 16. Qe1 Nxe3 17. Qxe3 Bf6 18. Rd3 Rg5 19. f4 Ra5 20. Be2 Bxc3
21. Rxc3 Rc5 22. Rxc5 Qxc5 23. Qxc5 Rxc5 24. Rd1 Ke7 25. g4 e5 26. f5 a5 27. g5
Bb5 28. f6+ Kd7 29. Bg4+ Kc7 30. Bf5 Bd7 31. Bxh7 Be6 32. Bf5 Kd7 33. h4 Bxf5
34. exf5 Ke8 35. g6 fxg6 36. fxg6 e4 37. f7+ Kf8 38. Rxd6 Rf5 39. Rd8+ Kg7 40.
Rg8+ Kh6 41. f8=Q+ Rxf8 42. Rxf8 1-0

[Event "European Youth Chess Championship B16"]
[Site "Prague, Top Hotel Prague"]
[Date "2016.08.19"]
[Round "2.22"]
[White "Drori, Saar"]
[Black "Iliaguev, Nisim"]
[Result "1-0"]
[WhiteElo "2290"]
[BlackElo "2120"]
[PlyCount "119"]
[EventDate "2016.08.18"]

1. e4 c5 2. Nf3 e6 3. d4 cxd4 4. Nxd4 Nf6 5. Nc3 Nc6 6. Ndb5 Bb4 7. a3 Bxc3+ 8.
Nxc3 d5 9. exd5 exd5 10. Bd3 O-O 11. O-O h6 12. h3 Re8 13. Bf4 d4 14. Nb5 Nd5
15. Bg3 Ne5 16. Re1 Nxd3 17. Qxd3 Bd7 18. Rxe8+ Bxe8 19. Nxd4 Qf6 20. Re1 Bd7
21. Be5 Qb6 22. Nf5 Bxf5 23. Qxf5 Re8 24. Rd1 Ne3 25. Qd7 Rxe5 26. Qd8+ Qxd8
27. Rxd8+ Kh7 28. fxe3 Rxe3 29. Rd7 Re2 30. Rxb7 Rxc2 31. b4 a5 32. bxa5 Rc5
33. Rxf7 Rxa5 34. Rf3 h5 35. Rb3 h4 36. Kf2 Kh6 37. Ke1 g5 38. g4 hxg3 39. Rxg3
Kh5 40. Kd2 Kh4 41. Re3 Rf5 42. Kc3 Rf1 43. a4 Ra1 44. Kb4 Rb1+ 45. Ka3 Ra1+
46. Kb3 Rf1 47. a5 Rf4 48. Rc3 Kh5 49. Rc8 Rf1 50. Ka4 Kh4 51. Rh8+ Kg3 52. a6
Ra1+ 53. Kb5 Ra2 54. Kb6 Rb2+ 55. Kc6 Ra2 56. Kb7 Rb2+ 57. Ka8 Rb4 58. a7 Rb3
59. Rb8 Rf3 60. Rb5 1-0

[Event "European Youth Chess Championship B16"]
[Site "Prague, Top Hotel Prague"]
[Date "2016.08.19"]
[Round "2.23"]
[White "Banzea, Alexandru-Bogdan"]
[Black "Golding, James"]
[Result "1-0"]
[WhiteElo "2287"]
[BlackElo "1919"]
[PlyCount "83"]
[EventDate "2016.08.18"]

1. e4 e5 2. Nf3 Nc6 3. Nc3 Nf6 4. d4 exd4 5. Nxd4 Bb4 6. Nxc6 bxc6 7. Bd3 d5 8.
exd5 cxd5 9. O-O O-O 10. h3 c6 11. Qf3 Be6 12. Bg5 Be7 13. Rad1 Rb8 14. b3 Re8
15. Ne2 h6 16. Bf4 Bd6 17. Rfe1 Qc7 18. Bxh6 Ne4 19. Bf4 f5 20. c4 Rbd8 21.
Bxd6 Qxd6 22. Nd4 Qc5 23. Nxe6 Rxe6 24. cxd5 cxd5 25. Rc1 Qd4 26. Qe3 Qf6 27.
Qxa7 f4 28. f3 Ng3 29. Rxe6 Qxe6 30. Qd4 Qd6 31. Re1 Qc7 32. Kh2 Kh8 33. Bb1
Kg8 34. Qd3 Qd6 35. Qd4 Qh6 36. a4 Qh4 37. Qe5 Ne4 38. Re2 Qg3+ 39. Kg1 Ng5 40.
Kf1 d4 41. Bg6 Nh7 42. Qe6+ 1-0

[Event "European Youth Chess Championship B16"]
[Site "Prague, Top Hotel Prague"]
[Date "2016.08.19"]
[Round "2.24"]
[White "Rolinek, Dominik"]
[Black "Bronstein, Or"]
[Result "0-1"]
[WhiteElo "1753"]
[BlackElo "2284"]
[PlyCount "74"]
[EventDate "2016.08.18"]

1. d4 Nf6 2. c4 g6 3. Nc3 Bg7 4. e4 d6 5. Be2 O-O 6. Bg5 Na6 7. Qd2 e5 8. d5
Qe8 9. a3 Nc5 10. Qc2 a5 11. Nf3 Nh5 12. Nd2 Nf4 13. Bxf4 exf4 14. f3 a4 15. g4
Qe7 16. h4 Bf6 17. g5 Bd4 18. O-O-O c6 19. Rh2 Ra6 20. Rdh1 Rb6 21. Bd3 Be5 22.
Ndb1 Bd7 23. Rg2 Ra8 24. h5 Raa6 25. hxg6 hxg6 26. Rh6 Bg7 27. Rh4 Qe5 28. Bf1
Qd4 29. Nd2 Qe3 30. Kd1 Nb3 31. c5 Nxd2 32. Qxd2 Qxf3+ 33. Qe2 Qxe2+ 34. Bxe2
Rxb2 35. Bxa6 Rxg2 36. Bxb7 Bxc3 37. dxc6 Be6 0-1

[Event "European Youth Chess Championship B16"]
[Site "Prague, Top Hotel Prague"]
[Date "2016.08.19"]
[Round "2.26"]
[White "Tuncer, Tuna"]
[Black "Kuchar, Matej"]
[Result "1-0"]
[WhiteElo "2263"]
[BlackElo "1873"]
[PlyCount "93"]
[EventDate "2016.08.18"]

1. Nf3 Nf6 2. g3 g6 3. b3 Bg7 4. Bb2 O-O 5. Bg2 c5 6. c4 Nc6 7. O-O d6 8. d4
cxd4 9. Nxd4 Qc7 10. Nc3 Bd7 11. Rc1 Qb6 12. Nc2 Rac8 13. Ne3 Be6 14. Qd2 Bh6
15. f4 Ng4 16. Ncd1 Bg7 17. Bxg7 Kxg7 18. Kh1 Nxe3 19. Nxe3 Nd4 20. Rcd1 Nf5
21. Nc2 h5 22. e4 Nh6 23. h3 f5 24. Nd4 Bd7 25. e5 dxe5 26. fxe5 Rcd8 27. Qg5
Rde8 28. e6 Bc8 29. Bd5 Kh7 30. Qf4 Rf6 31. Nf3 Kg7 32. Ng5 Rd8 33. Qe5 Qd6 34.
Qc3 Qc7 35. Rf4 b6 36. Kh2 Bb7 37. Qf3 Bc8 38. Rfd4 a5 39. R1d2 Ba6 40. Bc6
Rxd4 41. Rxd4 Bc8 42. Bd7 Bb7 43. Qf4 Qc5 44. Bb5 Bc8 45. Rd7 Bxd7 46. exd7 Rd6
47. d8=Q 1-0

[Event "European Youth Chess Championship B16"]
[Site "Prague, Top Hotel Prague"]
[Date "2016.08.19"]
[Round "2.27"]
[White "Sousa, Andre Ventura"]
[Black "Dabos, Doukas Ioannis"]
[Result "1-0"]
[WhiteElo "2411"]
[BlackElo "1815"]
[PlyCount "53"]
[EventDate "2016.08.18"]

1. e4 c5 2. Nf3 e6 3. d4 cxd4 4. Nxd4 Nc6 5. Nc3 Qc7 6. a3 a6 7. Be2 Nf6 8. O-O
Be7 9. Be3 O-O 10. f4 d6 11. Nb3 b5 12. Bf3 Bb7 13. Qe1 Nd7 14. Qf2 Bf6 15.
Rad1 Bxc3 16. bxc3 Ne7 17. Qg3 d5 18. Bd4 e5 19. fxe5 dxe4 20. Bg4 Rad8 21. e6
Qxg3 22. hxg3 Nb8 23. exf7+ Kh8 24. Bc5 Rxd1 25. Rxd1 Nbc6 26. Na5 Bc8 27. Bxc8
1-0

[Event "European Youth Chess Championship B16"]
[Site "Prague, Top Hotel Prague"]
[Date "2016.08.19"]
[Round "2.28"]
[White "Markovic, Dino"]
[Black "Lodici, Lorenzo"]
[Result "0-1"]
[WhiteElo "2012"]
[BlackElo "2394"]
[PlyCount "44"]
[EventDate "2016.08.18"]

1. d4 f5 2. e4 fxe4 3. Nc3 Nf6 4. Bg5 g6 5. Bxf6 exf6 6. Nxe4 d5 7. Nd2 Bf5 8.
Be2 Nc6 9. c3 Qd7 10. Ngf3 Bd6 11. b4 g5 12. Nb3 b6 13. b5 Ne7 14. a4 Ng6 15.
c4 Nf4 16. O-O Bh3 17. Ne1 dxc4 18. Bf3 O-O-O 19. Na5 bxa5 20. gxh3 h5 21. Qc2
Qxh3 22. Qe4 Ne2+ 0-1

[Event "European Youth Chess Championship B16"]
[Site "Prague, Top Hotel Prague"]
[Date "2016.08.19"]
[Round "2.29"]
[White "Laurent-Paoli, Pierre"]
[Black "Haring, Viktor"]
[Result "1-0"]
[WhiteElo "2318"]
[BlackElo "2105"]
[PlyCount "93"]
[EventDate "2016.08.18"]

1. d4 Nf6 2. Nf3 e6 3. g3 b5 4. Bg2 Bb7 5. Bg5 c5 6. e3 Qb6 7. Bxf6 gxf6 8. O-O
d6 9. Nbd2 Nc6 10. c3 Be7 11. Re1 f5 12. a4 a6 13. dxc5 dxc5 14. axb5 axb5 15.
Rxa8+ Bxa8 16. e4 fxe4 17. Nxe4 O-O 18. Qd2 Qc7 19. Qh6 f6 20. Qh5 Nd8 21. Neg5
fxg5 22. Nxg5 Bxg5 23. Qxg5+ Qg7 24. Qxg7+ Kxg7 25. Bxa8 Kf6 26. Be4 h6 27. Ra1
Nf7 28. Kf1 Nd6 29. Bd3 c4 30. Bc2 Rb8 31. Ra6 Ke5 32. Ra5 Kd5 33. Ke2 Kc5 34.
Ke3 Kb6 35. Ra1 Kc5 36. f4 b4 37. Ra5+ Rb5 38. Rxb5+ Nxb5 39. cxb4+ Kxb4 40. g4
c3 41. bxc3+ Kxc3 42. Bb1 Nc7 43. Ke4 Kb2 44. Bd3 Nd5 45. g5 h5 46. h4 Kc3 47.
Be2 1-0

[Event "European Youth Chess Championship B16"]
[Site "Prague, Top Hotel Prague"]
[Date "2016.08.19"]
[Round "2.30"]
[White "Dobrovoljc, Vid"]
[Black "Birkisson, Bardur Orn"]
[Result "1/2-1/2"]
[WhiteElo "2306"]
[BlackElo "2028"]
[PlyCount "167"]
[EventDate "2016.08.18"]

1. e4 c5 2. Nf3 d6 3. d4 cxd4 4. Nxd4 Nf6 5. Nc3 g6 6. Be3 Bg7 7. f3 O-O 8. Qd2
Nc6 9. O-O-O d5 10. exd5 Nxd5 11. Nxc6 bxc6 12. Bd4 Bxd4 13. Qxd4 Qb6 14. Na4
Qa5 15. b3 Be6 16. Qe5 Qb4 17. c4 Nf6 18. Qc5 a5 19. Bd3 Rfd8 20. Kb2 Nd7 21.
Qxb4 axb4 22. Be4 Rdc8 23. Rd2 Ra7 24. Rhd1 Kg7 25. f4 Rcc7 26. Bf3 Bxc4 27.
bxc4 Rxa4 28. Bxc6 Rxc6 29. Rxd7 e6 30. Rc1 Rca6 31. Ra1 Rb6 32. Rc1 Rba6 33.
c5 Rxa2+ 34. Kb3 R2a3+ 35. Kxb4 R3a4+ 36. Kb3 Ra3+ 37. Kc4 R3a4+ 38. Kd3 Rc6
39. Rc4 Ra3+ 40. Kd4 Ra2 41. Rd6 Rd2+ 42. Ke3 Rdxd6 43. cxd6 Rxd6 44. g3 Ra6
45. Rc3 Ra2 46. h3 Rh2 47. h4 h5 48. Rd3 Rb2 49. Ke4 Kf6 50. Rc3 Rb4+ 51. Kf3
Rd4 52. Ra3 Kf5 53. Ra5+ Rd5 54. Ra3 f6 55. Rb3 e5 56. fxe5 fxe5 57. Rb6 Ra5
58. Rc6 Ra3+ 59. Kf2 Ke4 60. Rxg6 Ra2+ 61. Kf1 Kf3 62. Rf6+ Kxg3 63. Rf5 e4 64.
Rxh5 Kf3 65. Rf5+ Ke3 66. h5 Ra1+ 67. Kg2 Ke2 68. h6 Ra7 69. Rh5 Rh7 70. Rh4 e3
71. Ra4 Rxh6 72. Ra2+ Kd3 73. Ra3+ Kd4 74. Ra4+ Kd5 75. Ra5+ Kc4 76. Ra4+ Kc3
77. Ra3+ Kd2 78. Ra2+ Kd1 79. Ra1+ Kc2 80. Ra2+ Kb3 81. Re2 Re6 82. Kf3 Re7 83.
Rxe3+ Rxe3+ 84. Kxe3 1/2-1/2

[Event "European Youth Chess Championship B16"]
[Site "Prague, Top Hotel Prague"]
[Date "2016.08.19"]
[Round "2.31"]
[White "Kistrup, Nicolai"]
[Black "Haug, Johannes"]
[Result "0-1"]
[WhiteElo "2089"]
[BlackElo "2305"]
[PlyCount "94"]
[EventDate "2016.08.18"]

1. d4 Nf6 2. Nf3 e6 3. c4 d5 4. Bg5 dxc4 5. Nc3 a6 6. a4 Nc6 7. e4 Na5 8. Be2
Be7 9. Qc2 h6 10. Bxf6 Bxf6 11. Rd1 c6 12. e5 Be7 13. Qe4 Qb6 14. Rb1 Bd7 15.
Nd2 Qb4 16. Qc2 Nb3 17. Nxb3 cxb3 18. Qe4 c5 19. Rd1 Bc6 20. Qg4 O-O 21. d5
Qxg4 22. Bxg4 exd5 23. Nxd5 Bd8 24. O-O Bxa4 25. Rc1 b6 26. f4 Bc6 27. Bf3 Rc8
28. Rfd1 Re8 29. Be4 Rb8 30. Bf3 Kf8 31. Be4 Ra8 32. Nc3 Bxe4 33. Nxe4 Be7 34.
Rd7 Red8 35. Rcd1 Ke8 36. R7d5 Rxd5 37. Rxd5 a5 38. f5 Rd8 39. Rxd8+ Kxd8 40.
Kf2 Kd7 41. Ke3 b5 42. Nc3 Bg5+ 43. Kd3 Bc1 44. Nd1 a4 45. Kc3 Bf4 46. h3 Bxe5+
47. Kd2 c4 0-1

[Event "European Youth Chess Championship B16"]
[Site "Prague, Top Hotel Prague"]
[Date "2016.08.19"]
[Round "2.32"]
[White "Cirovic, Miroljub"]
[Black "Ayats, Llobera Gerard"]
[Result "0-1"]
[WhiteElo "1943"]
[BlackElo "2290"]
[PlyCount "62"]
[EventDate "2016.08.18"]

1. d4 Nf6 2. c4 c5 3. d5 e6 4. Nc3 exd5 5. cxd5 d6 6. e4 g6 7. f4 Bg7 8. Bb5+
Nfd7 9. Nf3 a6 10. Bd3 b5 11. O-O O-O 12. Kh1 Qe7 13. f5 Ne5 14. Bg5 f6 15.
Nxe5 Qxe5 16. Bf4 Qe7 17. Qg4 g5 18. Bg3 Nd7 19. h4 h6 20. hxg5 fxg5 21. a4 c4
22. Be2 b4 23. Nd1 Nf6 24. Qh3 Nxe4 25. Bxc4 Bxf5 26. Rxf5 Nxg3+ 27. Qxg3 Rxf5
28. Ne3 Rf4 29. Re1 Rh4+ 30. Kg1 Bd4 31. Re2 Re8 0-1

[Event "European Youth Chess Championship B16"]
[Site "Prague, Top Hotel Prague"]
[Date "2016.08.19"]
[Round "2.33"]
[White "Chwistek, Karel"]
[Black "Schroeder, Kevin"]
[Result "0-1"]
[WhiteElo "1961"]
[BlackElo "2286"]
[PlyCount "120"]
[EventDate "2016.08.18"]

1. e4 c5 2. Nc3 e6 3. Nge2 a6 4. a4 Nc6 5. g3 Nd4 6. Nxd4 cxd4 7. Ne2 d5 8. d3
Nf6 9. Bg2 dxe4 10. dxe4 e5 11. f4 Bc5 12. fxe5 Ng4 13. Nf4 Bb4+ 14. Bd2 Ne3
15. Qc1 Qa5 16. c3 dxc3 17. bxc3 Nxg2+ 18. Nxg2 Be7 19. Bf4 Bh3 20. O-O Rc8 21.
Qb2 Qxc3 22. Qxb7 Bc5+ 23. Kh1 O-O 24. Rac1 Qd3 25. Bg5 Rb8 26. Qd5 Rb2 27. Nf4
Qxd5 28. exd5 Bxf1 29. Rxf1 h6 30. Nd3 Re2 31. Bxh6 gxh6 32. Nxc5 Rc8 33. Nxa6
Rcc2 34. Rd1 Rxh2+ 35. Kg1 Rcg2+ 36. Kf1 Rxg3 37. d6 Rh1+ 38. Kf2 Rxd1 39. Kxg3
f6 40. Kf4 Kf7 41. Nc7 Rd4+ 42. Kf5 fxe5 43. a5 e4 44. a6 e3 45. a7 Ra4 46. d7
Ke7 47. Nd5+ Kd8 48. Nxe3 Rxa7 49. Kg6 Ra6+ 50. Kh5 Ra3 51. Nc4 Rc3 52. Nd2
Rh3+ 53. Kg4 Rh1 54. Nf3 Kxd7 55. Kg3 Ke6 56. Kg4 Kf6 57. Kf4 Ra1 58. Kg4 Ra4+
59. Kg3 Rb4 60. Kh3 Kf5 0-1

[Event "European Youth Chess Championship B16"]
[Site "Prague, Top Hotel Prague"]
[Date "2016.08.19"]
[Round "2.34"]
[White "Roshka, Yevgeniy"]
[Black "Horvath, Tomas"]
[Result "1-0"]
[WhiteElo "2285"]
[BlackElo "2014"]
[PlyCount "69"]
[EventDate "2016.08.18"]

1. Nf3 f5 2. d3 d6 3. e4 e5 4. Nc3 Nf6 5. exf5 Bxf5 6. d4 e4 7. Nh4 Bg4 8. f3
exf3 9. Nxf3 Be7 10. Be2 O-O 11. O-O d5 12. Ng5 Bxe2 13. Qxe2 Qd7 14. Qe6+ Qxe6
15. Nxe6 Rc8 16. Bf4 Na6 17. Nb5 Ne8 18. Rae1 Bf6 19. Be5 c6 20. Bxf6 cxb5 21.
Be5 Nf6 22. Bxf6 gxf6 23. Rxf6 Nc7 24. Nc5 b6 25. Nd7 Re8 26. Rxe8+ Nxe8 27.
Rc6 Rd8 28. Ne5 Kf8 29. c3 Rd6 30. Rc8 a5 31. Rb8 Ke7 32. Rb7+ Kf6 33. Kf2 h6
34. Ke3 Ke6 35. Nf7 1-0

[Event "European Youth Chess Championship B16"]
[Site "Prague, Top Hotel Prague"]
[Date "2016.08.19"]
[Round "2.35"]
[White "Koziol, Kamil"]
[Black "Pavelka, Hubert Jan"]
[Result "1-0"]
[WhiteElo "2276"]
[BlackElo "1934"]
[PlyCount "53"]
[EventDate "2016.08.18"]

1. d4 Nf6 2. c4 c5 3. d5 e6 4. Nc3 d6 5. g3 exd5 6. cxd5 g6 7. Bg2 Bg7 8. Nf3
O-O 9. O-O a6 10. a4 Nbd7 11. Nd2 Qe7 12. Nc4 Ne8 13. Bf4 Ne5 14. Nb6 Rb8 15.
Qd2 Nd7 16. Bg5 f6 17. Nxc8 Rxc8 18. Bh6 Nc7 19. Bxg7 Kxg7 20. a5 f5 21. e4
fxe4 22. Rae1 Nf6 23. Nxe4 Rce8 24. Nxc5 Qf7 25. Ne4 Qxd5 26. Qc3 Nb5 27. Nxf6
1-0

[Event "European Youth Chess Championship B16"]
[Site "Prague, Top Hotel Prague"]
[Date "2016.08.19"]
[Round "2.36"]
[White "Jurasek, Vojtech"]
[Black "Marosi, Levente"]
[Result "1/2-1/2"]
[WhiteElo "1859"]
[BlackElo "2274"]
[PlyCount "109"]
[EventDate "2016.08.18"]

1. d4 Nf6 2. c4 e6 3. a3 b6 4. Nf3 c5 5. d5 exd5 6. cxd5 g6 7. Nc3 Bg7 8. e4
O-O 9. Bd3 d6 10. Qc2 Ba6 11. Nd2 Bxd3 12. Qxd3 a6 13. a4 Nbd7 14. Nc4 Ne8 15.
Bf4 Ne5 16. Bxe5 Bxe5 17. Nxe5 dxe5 18. O-O Nd6 19. b3 Rc8 20. Qe2 Rb8 21. h3
Re8 22. Rfb1 Qc8 23. f3 Ra8 24. Ra2 Qc7 25. Rba1 Rec8 26. Kh1 h5 27. h4 Kg7 28.
g3 Qe7 29. Qe3 Nb7 30. Nb1 Nd6 31. Nc3 Rab8 32. Qe2 Qb7 33. Rb1 Kh7 34. Rba1
Rg8 35. Rg1 Ra8 36. Rga1 Qe7 37. Rg1 Rgc8 38. Rga1 Rc7 39. Rb1 Qd7 40. Rc1 Qc8
41. Rcc2 Kg7 42. Kg2 Rb8 43. Kh2 Qb7 44. Rc1 b5 45. a5 Qc8 46. Kg2 Qb7 47. Kh2
Rbc8 48. Rac2 b4 49. Na4 c4 50. bxc4 b3 51. Rc3 Qb4 52. Nb2 Nb5 53. Rd3 Qxa5
54. d6 Rd7 55. c5 1/2-1/2

[Event "European Youth Chess Championship B16"]
[Site "Prague, Top Hotel Prague"]
[Date "2016.08.19"]
[Round "2.37"]
[White "Slomczewski, Michal"]
[Black "German, Nikita"]
[Result "1-0"]
[WhiteElo "1920"]
[BlackElo "2223"]
[PlyCount "101"]
[EventDate "2016.08.18"]

1. c4 Nf6 2. Nc3 g6 3. d4 Bg7 4. Bg5 d6 5. e3 c6 6. Nf3 h6 7. Bh4 Na6 8. a3 Nc7
9. Qc2 Rb8 10. Be2 O-O 11. O-O Bf5 12. e4 Bg4 13. Ne1 Bxe2 14. Qxe2 Ne6 15. Nc2
a5 16. f4 Nh5 17. Qe3 c5 18. dxc5 dxc5 19. Nd5 Re8 20. e5 Qd7 21. f5 Nd4 22.
Nxd4 cxd4 23. Qe2 e6 24. fxg6 fxg6 25. Nf6+ Bxf6 26. exf6 Kf7 27. g4 g5 28. Qe4
Rh8 29. gxh5 gxh4 30. Qg6+ Kf8 31. f7 Qe7 32. Rf6 b5 33. Re1 e5 34. Qf5 d3 35.
Rg6 d2 36. Rf1 Qa7+ 37. Kg2 Qb7+ 38. Kg1 Qa7+ 39. Kg2 Qc7 40. Kh3 Qc8 41. Re6
Qxc4 42. Qf6 Qb3+ 43. Kxh4 Qc4+ 44. Kh3 Qb3+ 45. Kg2 Qd5+ 46. Rf3 Qxe6 47.
Qxh8+ Ke7 48. f8=Q+ Rxf8 49. Qxf8+ Kd7 50. Rf7+ Kc6 51. Rf6 1-0

[Event "European Youth Chess Championship B16"]
[Site "Prague, Top Hotel Prague"]
[Date "2016.08.19"]
[Round "2.38"]
[White "Goldie, Thomas"]
[Black "Demosthenous, Andreas"]
[Result "1-0"]
[WhiteElo "2193"]
[BlackElo "1925"]
[PlyCount "127"]
[EventDate "2016.08.18"]

1. d4 Nf6 2. Nc3 d5 3. Bg5 Nbd7 4. Qd3 e6 5. e4 dxe4 6. Nxe4 Be7 7. Nxf6+ Bxf6
8. Bxf6 Qxf6 9. Nf3 O-O 10. O-O-O c5 11. Qe4 cxd4 12. Rxd4 Nc5 13. Qe3 b6 14.
Ne5 Qe7 15. Bb5 f6 16. Nc4 Qc7 17. Nd6 e5 18. Rd2 Be6 19. Kb1 Rfd8 20. Rhd1 a6
21. Be2 Rd7 22. Ne4 Rxd2 23. Rxd2 Nxe4 24. Qxe4 Rd8 25. Rxd8+ Qxd8 26. Bd3 g6
27. b3 a5 28. Kb2 Qd5 29. g3 Qxe4 30. Bxe4 Kf8 31. c4 Ke7 32. Kc3 Kd6 33. a3
Bf7 34. Ba8 Bg8 35. b4 Bf7 36. Bb7 Be6 37. c5+ bxc5 38. bxa5 f5 39. Ba6 g5 40.
Bc4 Bd7 41. Bg8 h6 42. Kc4 Bc6 43. a6 e4 44. a7 f4 45. gxf4 gxf4 46. Bh7 Bd5+
47. Kb5 c4 48. a8=Q Bxa8 49. Kxc4 Ke5 50. Kc3 Bc6 51. Bg6 Bb5 52. Bh7 Bc6 53.
Bg6 Bd5 54. a4 f3 55. Kd2 Kd4 56. Be8 Bb7 57. Bb5 Bd5 58. a5 Ba8 59. a6 Bd5 60.
Bd7 e3+ 61. fxe3+ Ke4 62. Bc8 Bc4 63. Bb7+ Ke5 64. Ke1 1-0

[Event "European Youth Chess Championship B16"]
[Site "Prague, Top Hotel Prague"]
[Date "2016.08.19"]
[Round "2.39"]
[White "Zeman, Matyas"]
[Black "Seibt, Sascha"]
[Result "1-0"]
[WhiteElo "2166"]
[BlackElo "1847"]
[PlyCount "51"]
[EventDate "2016.08.18"]

1. e4 c5 2. Nf3 d6 3. d4 cxd4 4. Nxd4 Nf6 5. Nc3 a6 6. Bg5 Nbd7 7. Bc4 Qc7 8.
Bb3 b5 9. Qe2 Bb7 10. O-O-O Nc5 11. f3 e6 12. h4 Be7 13. g4 O-O-O 14. a3 Nxb3+
15. cxb3 Rhe8 16. Rhe1 Nd7 17. Bxe7 Rxe7 18. Kb1 Nc5 19. g5 Kb8 20. Rd2 d5 21.
exd5 Bxd5 22. Ndxb5 axb5 23. Nxd5 Qd7 24. Nxe7 Qxe7 25. Rxd8+ Qxd8 26. Qxb5+
1-0

[Event "European Youth Chess Championship B16"]
[Site "Prague, Top Hotel Prague"]
[Date "2016.08.19"]
[Round "2.40"]
[White "Miesbauer, Jan"]
[Black "Pobor, Danilo"]
[Result "1-0"]
[WhiteElo "2272"]
[BlackElo "1783"]
[PlyCount "69"]
[EventDate "2016.08.18"]

1. d4 d5 2. c4 e6 3. Nf3 Nf6 4. g3 Bb4+ 5. Bd2 Be7 6. Bg2 O-O 7. O-O Nbd7 8.
Qc2 c6 9. Bf4 Nh5 10. Bc1 Nhf6 11. b3 b6 12. Bb2 Bb7 13. Nc3 c5 14. cxd5 Nxd5
15. Nxd5 Bxd5 16. e4 Bb7 17. d5 exd5 18. exd5 Bf6 19. Rad1 Bxb2 20. Qxb2 Nf6
21. Ne5 Re8 22. f4 Qd6 23. Nc4 Qd7 24. d6 Bxg2 25. Qxg2 Ng4 26. h3 b5 27. hxg4
bxc4 28. bxc4 Rab8 29. f5 Rb6 30. Rfe1 Reb8 31. Re7 Qd8 32. Qd5 Qf8 33. Rde1
Rb1 34. Qe4 R1b6 35. d7 1-0

[Event "European Youth Chess Championship B16"]
[Site "Prague, Top Hotel Prague"]
[Date "2016.08.19"]
[Round "2.41"]
[White "Skladtshikov, Andrei"]
[Black "Costachi, Mihnea"]
[Result "0-1"]
[WhiteElo "1929"]
[BlackElo "2416"]
[PlyCount "54"]
[EventDate "2016.08.18"]

1. e4 e5 2. Nf3 Nc6 3. Bb5 a6 4. Bxc6 dxc6 5. d4 exd4 6. Qxd4 Qxd4 7. Nxd4 Bd7
8. Be3 O-O-O 9. Nc3 g6 10. O-O-O Bg7 11. f3 b6 12. Rd3 c5 13. Nde2 Re8 14. Bf4
Nf6 15. Ng3 Bc6 16. Nd5 Nxd5 17. exd5 Bb5 18. Rd2 h6 19. h4 g5 20. Nh5 gxf4 21.
Nxg7 Re5 22. g4 fxg3 23. f4 Re3 24. d6 Bd7 25. dxc7 Rg8 26. Nh5 g2 27. Rg1 Re1+
0-1

[Event "European Youth Chess Championship B16"]
[Site "Prague, Top Hotel Prague"]
[Date "2016.08.19"]
[Round "2.42"]
[White "Stauskas, Lukas"]
[Black "Batashevs, Arsens"]
[Result "1-0"]
[WhiteElo "2235"]
[BlackElo "1969"]
[PlyCount "120"]
[EventDate "2016.08.18"]

1. d4 g6 2. c4 Bg7 3. Nf3 c5 4. d5 d6 5. e4 Bg4 6. Be2 Nd7 7. O-O Qb6 8. Qc2
Bxf3 9. Bxf3 Bd4 10. Nc3 Ne5 11. Be2 a6 12. h3 h5 13. Kh2 Qd8 14. g3 Nf6 15. f4
Ned7 16. Bd3 Nh7 17. Rb1 Rg8 18. Bd2 g5 19. e5 Nhf8 20. e6 Nb6 21. exf7+ Kxf7
22. fxg5+ Ke8 23. Rbe1 Nbd7 24. Bh7 Rg7 25. g6 Nf6 26. Bh6 Rxh7 27. gxh7 N8xh7
28. Qf5 Qd7 29. Ne4 Kd8 30. b3 b5 31. Nxf6 Qxf5 32. Rxf5 Nxf6 33. Bg7 bxc4 34.
bxc4 Rb8 35. Re2 Rb4 36. Bxf6 Bxf6 37. Rc2 h4 38. g4 a5 39. g5 Be5+ 40. Kg2 a4
41. g6 Ke8 42. Re2 Bd4 43. Rf7 Be5 44. Rh7 Kf8 45. Rxh4 Kg7 46. Rg4 a3 47. Kf3
Rb1 48. Re3 Rh1 49. Ke4 Rc1 50. Kf5 Rf1+ 51. Ke6 Bb2 52. Kd7 Bf6 53. Rxa3 Rd1
54. Re3 Ra1 55. Rxe7+ Bxe7 56. Kxe7 Rxa2 57. Kxd6 Ra3 58. h4 Ra5 59. h5 Ra6+
60. Kxc5 Kf6 1-0